000 02513nam a2200229Ia 4500
008 180910s9999 xx 000 0 und d
100 1 _aMakkouk, Nisrine Khaled
_gMaster
245 1 0 _aTeachers as vectors for socio-cultural change : exploring structure and agency in Teach For Lebanon
260 _aBeirut
_bAmerican University of Beirut - Faculty of Arts and Sciences - Department of Social and Behavioral Sciences
_c2012
300 _a90 pages
500 _aالنوع : Mémoire
520 3 _aThis thesis explores the dialectic between the potential of teachers and the power of structure(s). It does so by looking at Teach For Lebanon (TFL), a global-local educational model that recruits predominantly young university graduates, placing them in select underprivileged schools across the country for two years of service in order to help eliminate educational inequality. As an educational model, TFL is framed and marketed within a discourse of equity and social justice, yet resonates with values and practices that are starkly neoliberal. I highlight the official discourse of the program and explore what kind of teachers TFL seeks to develop for marginalized classrooms across Lebanon. Using this background, I juxtapose official discourse with that of the teachers. My results are framed around the questions: What are the impacts of dominant structure on teachers’ subjectivity and, by examining the reflexive discourse of the teachers, is there potential for agency? Methodology for this work includes unobtrusive research methods and semi-structured interviews with ten TFL fellows. The TFL model presents a rigid structure that defines the notions of equality and transformation in education in neoliberal terms. However, by including the narratives of teachers, it is clear that there is some room for critical self- reflection and agency.
650 4 _aLes Attitudes et conceptions des enseignants
650 4 _aPolitique éducative
650 4 _aTeach For Lebanon
650 4 _aTeach For Lebanon
650 4 _aTeach For Lebanon
650 4 _aTeachers attitudes and conceptions Educational policy
650 4 _aمواقف المعلمين وتصوراتهم السياسة التربوية
856 _uhttp://library.aub.edu.lb/search~S1?/X%28education+and+department%29&Da=1999&Db=2016&SORT=D&m=y&m=z/X%28education+and+department%29&Da=1999&Db=2016&SORT=D&m=y&m=z&SUBKEY=%28education+and+department%29/51%2C316%2C316%2CB/frameset&FF=X%28education+and+depar
942 _cLAESDATA
999 _c20445
_d20445